| 000 | 004550000a22001810004500 | ||
|---|---|---|---|
| 003 | LK-CoMWRAF | ||
| 005 | 20230829002303.0 | ||
| 008 | 230817t ||||| |||| 00| 0 eng d | ||
| 040 |
_aLK-CoMWRAF _dLK-CoMWRAF _eLK-CoMWRAF |
||
| 041 | _aeng | ||
| 082 |
_a297.43 _bALS |
||
| 100 | _aAldswwaf, Shaikh Muhammad Mahmud | ||
| 245 | _aThe Muslim Book of Prayer | ||
| 260 | _bAbdullah bin ibrahi Al-ansari | ||
| 300 | _a70p | ||
| 650 | _aIslam | ||
| 942 | _cBK | ||
| 999 |
_c2944 _d2944 |
||